Cultura generale ITA #18 - Statistics

General Stats
  • This quiz has been taken 392 times
  • The average score is 7 of 20
Answer Stats
Hint Answer % Correct
Parola che termina le preghiere Amen
98%
È detto il paese del Sol Levante Giappone
83%
Il numero di lettere contenute nell'alfabeto latino 26
75%
L'animale che Achille non raggiungerà mai Tartaruga
64%
La centrale elettrica della cellula Mitocondrio
44%
Disciplina che studia il miglioramento della qualità della vita nelle case, attraverso l'applicazione dell'informatica agli oggetti quotidiani Domotica
39%
Società per azioni che controlla i marchi automobilistici di Abarth, Alfa Romeo, Citroën, FIAT, Jeep, Opel, Peugeot e altri Stellantis
39%
Lo scandalo che coinvolse il presidente statiunitense Richard Nixon Watergate
35%
Modalità di retribuzione del lavoro che si basa sulla quantità di prodotto lavorato Cottimo
32%
Antico sistema filosofico esoterico, i cui membri avevano come obiettivo trovare/inventare la pietra filosofale Alchimia
30%
La prima persona al mondo a vincere due premi Nobel Marie Curie
30%
Il contrario della sublimazione Brinamento
29%
La stella più vicina al nostro sistema solare, oltre al Sole Proxima Centauri
24%
Il nome tecnico dei baffi dei felini Vibrisse
24%
Il primo film a vincere il premio Oscar al miglior film d'animazione, nel 2000 Shrek
20%
Stilista che molto probabilente collaborò con la Germania nazista Coco Chanel
18%
Il paese con più piramidi al mondo Sudan
18%
Il nome di una canzone dei Led Zeppelin, oppure una regione dell'Asia Kashmir
10%
Videogioco che narra la storia di Maxine Caulfield Life Is Strange
10%
Programma spaziale statiunitense che ha portato alle missioni Apollo. Indizio: è stato battezzato così perché poteva ospitare un equipaggio di due persone Gemini
5%
No matching quizzes found
Score Distribution
Percent of People with Each Score
Percentile by Number Answered
Your Score History
You have not taken this quiz